De nuestras tierras y nuestras gentes (Record no. 30510)

MARC details
000 -LEADER
campo de control de longitud fija 00732nam a2200205 i 4500
001 - NÚMERO DE CONTROL
campo de control 30510
003 - IDENTIFICADOR DE NÚMERO DE CONTROL
campo de control ES-MaACL
005 - FECHA Y HORA DE LA ÚLTIMA TRANSACCIÓN
campo de control 20251011063056.0
007 - CAMPO FIJO DE DESCRIPCIÓN FÍSICA--INFORMACIÓN GENERAL
campo de control de longitud fija t|
008 - DATOS DE LONGITUD FIJA--INFORMACIÓN GENERAL
campo de control de longitud fija 030124s1973 sp ||||1| spa d
100 1# - ENTRADA PRINCIPAL--NOMBRE DE PERSONA
Nombre de persona Beltrán, Antonio,
Fechas asociadas al nombre 1916-2006
9 (RLIN) 27333
245 10 - MENCIÓN DEL TÍTULO
Título De nuestras tierras y nuestras gentes
Resto del título : charlas radiofónicas emitidas bajo el título "Inquietudes zaragozanas" /
Mención de responsabilidad, etc. Antonio Beltrán ; prólogo de Jesús Muro.
260 ## - PUBLICACIÓN, DISTRIBUCIÓN, ETC.
Lugar de publicación, distribución, etc. Zaragoza :
Nombre del editor, distribuidor, etc. [s.n.,
Fecha de publicación, distribución, etc. 1973] (
Fabricante Imp. Octavio y Félez)
300 ## - DESCRIPCIÓN FÍSICA
Extensión 1 v. :
Otras características físicas il. ;
Dimensiones 24 cm.
505 8# - NOTA DE CONTENIDO CON FORMATO
Nota de contenido con formato Contiene: T. IV.
651 #4 - PUNTO DE ACCESO ADICIONAL DE MATERIA--NOMBRE GEOGRÁFICO
Nombre geográfico Aragón-
Subdivisión general Descripción.
9 (RLIN) 7788
700 1# - ENTRADA AGREGADA--NOMBRE PERSONAL
Nombre de persona Muro, Jesús.
9 (RLIN) 84606
852 ## - LOCALIZACIÓN
Ubicación ES-MaACL
Número de control de estantería P-1563
Sublocalización o colección R.86238
Holdings
Estatus retirado Estado de pérdida Estado de daño No para préstamo Biblioteca de origen Biblioteca actual Ubicación en estantería Fecha de adquisición Fuente de adquisición Total de préstamos Signatura topográfica completa Código de barras Visto por última vez Precio de reemplazo Tipo de ítem Koha
        Biblioteca del Ateneo de Madrid Biblioteca del Ateneo de Madrid Depósito 2 17/01/2008     P-1563 1031507 23/02/2023 23/02/2023 Libro impreso